00931nam a2200253Ja 4500008004100000020002200041020003400063049000900097090001900106100002000125245007900145260004600224300002500270440007300295500002000368500004100388907003500429003000100464005001700465040000900482942002600491999001900517952014100536  a0444813152 (pbk.) a0444813012 (library edition). aMAIN aQP519.9.I8RIG.1 aRighetti, P. G.10aImmobilized ph gradients, theory and methodology /cPier Giorgio Righetti. aAmsterdam ;aNew York :bElsevier,c1990. axv, 397 p. ;c21 cm. 0aLaboratory techniques in biochemistry and molecular biology ;vv. 20 aIncludes index. aIncludes bibliographical references. a.b10005961b09-01-06c17-04-0320230123134028.0 cNUST cBOOKSkQP519.9.I8RIG. c158790d158790 r2023-01-23 00:00:00l0oQP519.9.I8 RIGp92003005564v80.00w2023-01-23yBOOKS102LCC40708NFIC00aMAINbMAINcGENd2023-01-23g80.00